Govt. of
Madhya Pradesh

मध्‍य प्रदेश पुलिस उप-निरीक्षक भर्ती परीक्षा 35 सॉल्‍वड पेपर्स वर्ष 2017-11 (Record no. 63471)

MARC details
000 -LEADER
fixed length control field 00453nam a22000977a 4500
100 ## - MAIN ENTRY--AUTHOR NAME
Personal name अरिहंत
245 ## - TITLE STATEMENT
Title मध्‍य प्रदेश पुलिस उप-निरीक्षक भर्ती परीक्षा 35 सॉल्‍वड पेपर्स वर्ष 2017-11
260 ## - PUBLICATION, DISTRIBUTION, ETC. (IMPRINT)
Place of publication मेरठ
Name of publisher अरिहंत पब्लिकेशन
Year of publication 2020
650 ## - SUBJECT ADDED ENTRY--TOPICAL TERM
Topical Term सैन्‍यकला
942 ## - ADDED ENTRY ELEMENTS (KOHA)
Koha item type Hindi Books
Holdings
Withdrawn status Lost status Damaged status Not for loan Home library Current library Date acquired Cost, normal purchase price Full call number Accession Number Price effective from Koha item type
        MACL MACL 03/10/2020 475.00 355 GCLC00905 03/10/2020 Hindi Books
        MACL MACL 03/10/2020 475.00 355 GCLC00906 03/10/2020 Hindi Books